Normal view MARC view

Entry Personal Name

Number of records used in: 1

001 - CONTROL NUMBER

  • control field: 1239794

003 - CONTROL NUMBER IDENTIFIER

  • control field: OSt

005 - DATE AND TIME OF LATEST TRANSACTION

  • control field: 20260514122630.0

008 - FIXED-LENGTH DATA ELEMENTS

  • fixed length control field: 260514|| aca||aabn | a|a d

040 ## - CATALOGING SOURCE

  • Original cataloging agency: OSt
  • Transcribing agency: OSt

100 ## - HEADING--PERSONAL NAME

  • Personal name: Dhirar Dr.Nonita

670 ## - SOURCE DATA FOUND

  • Source citation: Work cat.: (OSt)1851565: Dhirar Dr.Nonita , Study of Clinicosocial Profile and Quality of Life of Children Suffering from Thalassemia Major Attending Thalassemia Day Care Center of A Tertiary Level Children's Hospital in Delhi.
Copyright @ Delhi University Library System